000 00697nam a2200217 i 4500
001 180723
003 ES-MaACL
005 20230906221155.0
008 120702q1957 sp a |||| | spa d
080 _a7.03
100 1 _aMorales Clapera, Julio.
_9150818
245 1 4 _aLos estilos artísticos /
_cJulio Morales Clapera ; portada e ilustraciones de Chaco.
260 _aBarcelona :
_bEdiciones G.P.,
_c[ca. 1957]
300 _a64 p. :
_bil. ;
_c11 cm.
490 1 _aEnciclopedia pulga ;
_v283
650 4 _aArte-
_xEstilos.
_9165716
700 1 _aChacopino Fabre, Joaquín.
_9150736
830 1 _aEnciclopedia pulga ;
_v283
_9191296
852 4 _aES-MaACL
_j2311-F-29
999 _c180723
_d180723